Процессный подход на примере ОАО "Кузбасс-пригород"; Ресурсоэффективные системы в управлении и контроле: взгляд в будущее; Ч. 2

Detalhes bibliográficos
Parent link:Ресурсоэффективные системы в управлении и контроле: взгляд в будущее: сборник научных трудов III Международной конференции школьников, студентов, аспирантов, молодых ученых, 06 - 11 октября 2014 г./ Национальный исследовательский Томский политехнический университет (ТПУ).— , 2014
Ч. 2.— 2014.— [С. 93-97]
Autor principal: Дроздова Д. С.
Autor Corporativo: Национальный исследовательский Томский политехнический университет (ТПУ) Институт неразрушающего контроля (ИНК) Кафедра физических методов и приборов контроля качества (ФМПК)
Outros Autores: Редько Л. А. Людмила Анатольевна (научный руководитель)
Resumo:Заглавие с титульного экрана
Idioma:russo
Publicado em: 2014
Colecção:Эффективные системы управления качеством
Assuntos:
Acesso em linha:http://www.lib.tpu.ru/fulltext/c/2014/C47/V2/027.pdf
Formato: Recurso Electrónico Capítulo de Livro
KOHA link:https://koha.lib.tpu.ru/cgi-bin/koha/opac-detail.pl?biblionumber=611197

MARC

LEADER 00000naa2a2200000 4500
001 611197
005 20231101132638.0
035 |a (RuTPU)RU\TPU\conf\8923 
035 |a RU\TPU\conf\8919 
090 |a 611197 
100 |a 20150227d2014 k y0rusy50 ca 
101 0 |a rus 
102 |a RU 
105 |a y z 101zy 
135 |a drgn ---uucaa 
181 0 |a i  
182 0 |a b 
200 1 |a Процессный подход на примере ОАО "Кузбасс-пригород"  |f Д. С. Дроздова  |g науч. рук. Л. А. Редько 
203 |a Текст  |c электронный 
225 1 |a Эффективные системы управления качеством 
230 |a 1 компьютерный файл (pdf; 1.0 Mb) 
300 |a Заглавие с титульного экрана 
320 |a [Библиогр.: с. 96 (2 назв.)] 
337 |a Adobe Reader 
461 1 |0 (RuTPU)RU\TPU\conf\8514  |t Ресурсоэффективные системы в управлении и контроле: взгляд в будущее  |o сборник научных трудов III Международной конференции школьников, студентов, аспирантов, молодых ученых, 06 - 11 октября 2014 г.  |o в 4 ч.  |f Национальный исследовательский Томский политехнический университет (ТПУ)  |d 2014 
463 0 |0 (RuTPU)RU\TPU\conf\8518  |t Ч. 2  |v [С. 93-97]  |d 2014 
610 1 |a труды учёных ТПУ 
610 1 |a электронный ресурс 
610 1 |a процессный подход 
610 1 |a бизнес-процессы 
610 1 |a пассажирские перевозки 
610 1 |a жизненный цикл 
610 1 |a системы менеджмента качества 
610 1 |a СМК 
700 1 |a Дроздова  |b Д. С. 
702 1 |a Редько  |b Л. А.  |c специалист в области качества  |c доцент Томского политехнического университета, кандидат технических наук  |f 1978-  |g Людмила Анатольевна  |2 stltpush  |4 727 
712 0 2 |a Национальный исследовательский Томский политехнический университет (ТПУ)  |b Институт неразрушающего контроля (ИНК)  |b Кафедра физических методов и приборов контроля качества (ФМПК)  |h 68  |2 stltpush  |3 (RuTPU)RU\TPU\col\18709 
801 2 |a RU  |b 63413507  |c 20150227  |g RCR 
856 4 |u http://www.lib.tpu.ru/fulltext/c/2014/C47/V2/027.pdf 
942 |c BK